La burocracia en la sociedad moderna

Đã lưu trong:
Chi tiết về thư mục
Tác giả chính: Blau, Peter M (Tác giả)
Định dạng: Sách
Ngôn ngữ:Tiếng Tây Ban Nha
Được phát hành: Buenos Aires Paidós 1971
Phiên bản:2a. ed
Loạt:Biblioteca del Hombre Contemporáneo, 83
Những chủ đề:
Các nhãn: Thêm thẻ
Không có thẻ, Là người đầu tiên thẻ bản ghi này!

MARC

LEADER 00000nam a2200000 a 4500
001 UCK1346
003 CL-VaPUC
008 041112e19710000AG |||||||||||||||||spa|d
082 0 4 |a 302.35  |b BLA  |2 21 
100 0 |a Blau, Peter M  |e author  |9 489109 
245 1 3 |a La burocracia en la sociedad moderna 
250 |a 2a. ed 
300 |a 120 p 
942 |c BK 
945 |d 20041112 00:00:00  |a cmena 
260 |a Buenos Aires  |b Paidós  |c 1971 
650 0 |a Burocracia  |9 255511 
650 0 |a Antropología cultural y social   |9 265143 
650 0 |a Cambio social   |9 256857 
650 0 |a Democracia  |9 255256 
583 |a last modification  |c 20041112 00:00:00  |k Rodrigo Vera 
490 0 |a Biblioteca del Hombre Contemporáneo, 83 
999 |c 311318  |d 311316 
952 |0 0  |1 0  |4 0  |6 302_350000000000000_BLA_1971  |7 0  |8 P  |9 380688  |a BIBGIM  |b BIBGIM  |d 2019-11-21  |i 4077458  |o 302.35 BLA 1971  |p 4077458  |r 2025-01-15  |w 2019-11-21  |y BK  |k GIM